<?xml version="1.0" encoding="UTF-8"?>
<record
    xmlns:xsi="http://www.w3.org/2001/XMLSchema-instance"
    xsi:schemaLocation="http://www.loc.gov/MARC21/slim http://www.loc.gov/standards/marcxml/schema/MARC21slim.xsd"
    xmlns="http://www.loc.gov/MARC21/slim">

  <leader>00685nam a22001697a 4500</leader>
  <datafield tag="020" ind1=" " ind2=" ">
    <subfield code="a">9789692379403</subfield>
  </datafield>
  <datafield tag="082" ind1=" " ind2=" ">
    <subfield code="a">297.09</subfield>
    <subfield code="b">TAN</subfield>
  </datafield>
  <datafield tag="100" ind1=" " ind2=" ">
    <subfield code="a">Tanoli,  Dr. Muhammad Shaheen Saad</subfield>
  </datafield>
  <datafield tag="245" ind1=" " ind2=" ">
    <subfield code="a">Meri Zindagi Ka Maqsad/</subfield>
    <subfield code="c">Dr. Muhammad Shaheen Saad Tanoli </subfield>
  </datafield>
  <datafield tag="260" ind1=" " ind2=" ">
    <subfield code="a">Karachi ;</subfield>
    <subfield code="b">Zia Printer,</subfield>
    <subfield code="c">2022.</subfield>
  </datafield>
  <datafield tag="300" ind1=" " ind2=" ">
    <subfield code="a">149p. ;</subfield>
    <subfield code="c">26cm.</subfield>
  </datafield>
  <datafield tag="650" ind1=" " ind2=" ">
    <subfield code="a">Purpose in life &#x2013; Religious aspects &#x2013; Islam</subfield>
    <subfield code="9">129459</subfield>
  </datafield>
  <datafield tag="880" ind1=" " ind2=" ">
    <subfield code="6">100-01\(3\r</subfield>
    <subfield code="a">&#x688;&#x627;&#x6A9;&#x679;&#x631; &#x645;&#x62D;&#x645;&#x62F; &#x634;&#x627;&#x6C1;&#x6CC;&#x646; &#x633;&#x639;&#x62F; &#x62A;&#x646;&#x648;&#x644;&#x6CC;</subfield>
  </datafield>
  <datafield tag="880" ind1=" " ind2=" ">
    <subfield code="6">245-02\(3\r</subfield>
    <subfield code="a">&#x645;&#x6CC;&#x631;&#x6CC; &#x632;&#x646;&#x62F;&#x6AF;&#x6CC; &#x6A9;&#x627; &#x645;&#x642;&#x635;&#x62F;/</subfield>
    <subfield code="b">&#x688;&#x627;&#x6A9;&#x679;&#x631; &#x645;&#x62D;&#x645;&#x62F; &#x634;&#x627;&#x6C1;&#x6CC;&#x646; &#x633;&#x639;&#x62F; &#x62A;&#x646;&#x648;&#x644;&#x6CC;</subfield>
  </datafield>
  <datafield tag="880" ind1=" " ind2=" ">
    <subfield code="6">260-03\(3\r</subfield>
    <subfield code="a">&#x6A9;&#x631;&#x627;&#x686;&#x6CC;:</subfield>
    <subfield code="b">&#x636;&#x6CC;&#x627;&#x621; &#x67E;&#x631;&#x646;&#x679;&#x631;,</subfield>
    <subfield code="c">2022.</subfield>
  </datafield>
  <datafield tag="942" ind1=" " ind2=" ">
    <subfield code="2">ddc</subfield>
    <subfield code="c">BK</subfield>
  </datafield>
  <datafield tag="999" ind1=" " ind2=" ">
    <subfield code="c">614131</subfield>
    <subfield code="d">614131</subfield>
  </datafield>
  <datafield tag="952" ind1=" " ind2=" ">
    <subfield code="0">0</subfield>
    <subfield code="1">0</subfield>
    <subfield code="2">ddc</subfield>
    <subfield code="4">0</subfield>
    <subfield code="6">297_090000000000000_TAN</subfield>
    <subfield code="7">0</subfield>
    <subfield code="9">641371</subfield>
    <subfield code="a">CL</subfield>
    <subfield code="b">CL</subfield>
    <subfield code="d">2025-07-08</subfield>
    <subfield code="l">0</subfield>
    <subfield code="o">297.09 TAN</subfield>
    <subfield code="p">CL-D-2920</subfield>
    <subfield code="r">2025-07-08</subfield>
    <subfield code="w">2025-07-08</subfield>
    <subfield code="y">BK</subfield>
  </datafield>
</record>
